States That Alvinson Oneil is Banned From - Statistics

General Stats
  • This quiz has been taken 9 times
  • The average score is 8 of 15
Answer Stats
Reason State % Correct
Arrested for climbing the Hollywood sign and making it say "ALVINSONWOOD" California
100%
Arrested for attempting to recreate the Great Molasses Flood of 1919 Massachusetts
75%
Arrested for stealing millions of dollars by using a GTA cheat code in a Casino on a slot machine Nevada
75%
Arrested for punching a polar bear Alaska
50%
Arrested for stealing potatoes to give to McDonalds Idaho
50%
Banned for trying to break this state off and sail it to Morocco (the closest to it) Maine
50%
Banned for trying to move Detroit to Ohio Michigan | Ohio
50%
Banned for joining the Twin Cities to become one Minnesota
50%
Banned for trying to rename Kansas City because it's not in Kansas Missouri
50%
Arrested for going off of Niagara falls in a barrel and punching the Yankees Coach New York
50%
Arrested for slowly opening the crack on the Liberty Bell Pennsylvania
50%
Arrested for climbing Mount Rushmore and carving Peter Griffin next to George Washington South Dakota
50%
Arrested for trying to boil the salt lake to extract the salt to sell Utah
50%
Arrested for taking gold from Fort Knox Kentucky
25%
Kicked out and banned for asking the governor where Walter White was New Mexico
25%
No matching quizzes found
Score Distribution
Percent of People with Each Score
Percentile by Number Answered
Your Score History
You have not taken this quiz